| 000 | 00643nam a2200193Ia 4500 | ||
|---|---|---|---|
| 003 | GCL | ||
| 008 | 140319s9999 xx 000 0 ara d | ||
| 040 |
_aGCL / _cGCL |
||
| 082 | 0 | 4 |
_a823.03 _bو ج |
| 100 | 1 | _aلجنة كتب جوائز عالمية | |
| 245 | 1 | 0 |
_aالجائزة او موعد فى السويد / _cلجنة كتب جوائز عالمية |
| 700 | 1 | _aوالاس, ارفنج | |
| 300 | _a841 ص | ||
| 490 |
_aكتب جائزة نوبل _v0 |
||
| 650 | 0 | 4 | _aالادب الامريكى |
| 650 | 0 | 4 | _aالقصص الامريكية المترجمة |
| 650 | 0 | 4 | _aالادب الامريكى المترجم |
| 942 |
_2ddc _cBK |
||
| 999 |
_c47108 _d47108 |
||